قضية الإخوان المسلمين 1995 : (Record no. 17423)
[ view plain ]
| 000 -الفاتح | |
|---|---|
| حقل البيانات ثابتة الطول | 00918 am a22002174a 4500 |
| 003 - محدد رقم الضبط | |
| رقم الضبط | OSt |
| 005 - وقت وتاريخ اخر تعامل مع التسجيلة | |
| رقم الضبط | 20150901135116.0 |
| 008 - عناصر البيانات ثابتة الطول - معلومات عامة | |
| حقل البيانات ثابتة الطول | 120307s2012 ua a g 000 0 ara d |
| 040 ## - مصدر الفهرسة | |
| وكالة الفهرسة الأصلية | dlc |
| 082 04 - رقم تصنيف ديوى العشرى | |
| رقم التصنيف | 217.6 |
| رقم الطبعة | 21 |
| رقم المادة | ا ل ع |
| 100 1# - المدخل الرئيسى - إسم شخصى | |
| الإسم الشخصى | العوا، محمد سليم. |
| 9 (RLIN) | 33047 |
| 245 10 - بيان العنوان | |
| العنوان | قضية الإخوان المسلمين 1995 : |
| بقية العنوان | الملف الوثائقي الكامل للدعوى و إجراءاتها و الحكم الصادر فيها / |
| بيان المسئوليه,etc | محمد سليم العوا. |
| 250 ## - بيان الطبعة | |
| بيان الطبعة | ط. 1. |
| 260 ## - PUBLICATION, DISTRIBUTION, ETC. (IMPRINT) | |
| مكان الناشر او الموزع | القاهرة : |
| اسم الناشر او الموزع | دار الشروق، |
| تاريخ النشر أو التوزيع | 2012. |
| 300 ## - الوصف المادى | |
| التعداد | 217 ص. : |
| تفاصيل ماديه اخرى للوعاء | إيض. ؛ |
| أبعاد الوعاء | 24 سم. |
| 500 ## - تبصرة عامة | |
| تبصرة عامة | متوافر منه الطبعة الثانية لعام 2012 بمكتبة مصر الرئيسية. |
| 650 14 - المدخل الاضافى بالموضوع-مصطلح موضوعى | |
| مصطلح موضوعي أو اسم جغرافي كعنصر مدخل | الإخوان المسلمون. |
| 9 (RLIN) | 15845 |
| مصدر الرأس أو المصطلح | BUEsh |
| 651 #4 - المدخل الاضافى بالموضوع - اسم جغرافى | |
| الاسم الجغرافي | مصر |
| التقسيم الفرعي العام | الأحوال السياسية. |
| 9 (RLIN) | 33048 |
| مصدر الرأس أو المصطلح | BUEsh |
| 653 ## - مصطلح تكشيفى غير مقيد | |
| Arrived date list | April2013 |
| 942 ## - عناصر المدخل الإضافي( كوها) | |
| مصدر التصنيف او مخطط الترفيف | Dewey Decimal Classification |
| Koha [default] item type | Book - Borrowing |
| حالة التراجع | حالة الفقد | مصدر التصنيف او خطة الترفيف | حالة تلف | ليس للاعارة | مجموعات كوها | المكان الدائم | المكان الحالي | موقع الترفيف | تاريخ الاكتساب | Source of acquisition | سعر الشراء الطبيعي | رقم الاستدعاء | الباركود | Date last seen | التكلفة | نوع الوعاء |
|---|---|---|---|---|---|---|---|---|---|---|---|---|---|---|---|---|
| Dewey Decimal Classification | سور الازبكية | Central Library | Central Library | Lower Floor | 07/04/2013 | 15.00 | 217.6 ا ل ع | 000028664 | 15/07/2025 | 19.00 | Book - Borrowing |